[Event "Itau Cup 450th Ann"]
[Site "Sao Paulo BRA"]
[Date "2004.01.18"]
[Round "3"]
[White "Pelikian,J"]
[Black "Franco,H"]
[Result "1-0"]
[WhiteElo "2414"]
[BlackElo "2143"]

1.e4 c6 2.Nc3 g6 3.d4 Bg7 4.Nf3 d6 5.h3 Nf6 6.a4 O-O 7.Be2 d5 8.e5 Ne8 9.O-O Nc7
10.Be3 a5 11.Qd2 Nba6 12.Bh6 Nb4 13.Bxg7 Kxg7 14.Nd1 Ne6 15.c3 Na6 16.Ne3 h6
17.Nh2 c5 18.f4 cxd4 19.cxd4 Qb6 20.Rad1 Rd8 21.f5 Ng5 22.f6+ exf6 23.exf6+ Kh7
24.Neg4 Qb4 25.Qf4 Qd6 26.Qd2 Qb4 27.Qxb4 Nxb4 28.Ne5 Be6 29.Rc1 Rac8 30.Bg4 Kg8
31.h4 h5 32.Bxh5 Ne4 33.Bg4 Bxg4 34.Nhxg4 Nd6 35.Ne3 Ne4 36.N3g4 Nd6 37.Rfe1 Nf5
38.Rc3 Nc6 39.Nxc6 Rxc6 40.Rxc6 bxc6 41.Rd1 Rb8 42.Ne5 Rxb2 43.g4 Nxh4 44.Rc1 g5
45.Rxc6 Rd2 46.Rc8+ Kh7 47.Rf8 Rxd4 48.Rxf7+ Kh6 49.Rg7 Nf3+ 50.Nxf3 Rxg4+
51.Kf2 Rf4 52.Rxg5 Rxf6 53.Rxd5 Ra6 54.Nd4 Kg6 55.Ke3 Kf6 56.Kd3 Ke7 57.Rxa5 Rxa5
58.Nc6+ Kd6 59.Nxa5 Kc5 60.Kc3 Kb6 61.Kb4 Ka6 62.Nc4 Kb7 63.Kb5 Ka7 64.a5 Kb7
65.a6+ Ka7 66.Ka5 Kb8 67.Kb6 Ka8 68.Na3 Kb8 69.Nb5  1-0

[Event "1st WinTV Open"]
[Site "Chennai IND"]
[Date "2004.01.24"]
[Round "5"]
[White "Mari Arul,S"]
[Black "Rahman,Zia"]
[Result "0-1"]
[WhiteElo "2322"]
[BlackElo "2492"]

1.e4 g6 2.d4 Bg7 3.Nc3 c6 4.Bc4 d6 5.Qf3 e6 6.Nge2 Nd7 7.Bb3 Qe7 8.O-O Ngf6
9.a3 e5 10.Bg5 h6 11.Bh4 Nf8 12.Qd3 g5 13.Bg3 Ng6 14.f3 Nh5 15.Bf2 Nhf4 16.Qd2 Be6
17.d5 Bd7 18.dxc6 bxc6 19.Rad1 Bf8 20.Kh1 h5 21.g3 Nh3 22.Be3 h4 23.g4 Qd8
24.Ng1 Nhf4 25.h3 Be7 26.Qf2 Qc7 27.Rd2 Be6 28.Rfd1 O-O 29.Qf1 Rab8 30.Bxe6 fxe6
31.b4 Rf7 32.Kh2 Bf8 33.Qa6 d5 34.Bxf4 Nxf4 35.Nce2 Rb6 36.Qa4 Nxe2 37.Rxe2 c5
38.c3 d4 39.Rc2 c4 40.Kg2 d3 41.Rf2 Qe7 42.Rdd2 Qf6 43.Qe8 Rc7 44.Kf1 Kg7
45.Kg2 Be7 46.Kf1 a5 47.Kg2 Qf4 48.Qa4 axb4 49.axb4 Rcb7  0-1

[Event "1st WinTV Open"]
[Site "Chennai IND"]
[Date "2004.01.25"]
[Round "6"]
[White "Das,A"]
[Black "Vinoth,K"]
[Result "1-0"]
[WhiteElo "2334"]
[BlackElo "2155"]

1.e4 g6 2.d4 Bg7 3.Nc3 c6 4.Bc4 b5 5.Bb3 e6 6.Nf3 d6 7.Bg5 f6 8.Be3 Nh6 9.h3 Nf7
10.Qd2 a5 11.a3 Na6 12.d5 exd5 13.exd5 b4 14.axb4 axb4 15.Ne2 c5 16.Nf4 Ne5
17.Nxe5 dxe5 18.Ne6 Bxe6 19.dxe6 Qxd2+ 20.Kxd2 Bf8 21.Ba4+ Kd8 22.Bc6 Ra7
23.Bb5 Nc7 24.Rxa7 Nxb5 25.Ra8+ Ke7 26.Bxc5+ Nd6 27.Ke2 Kxe6 28.Rd1  1-0

[Event "1st WinTV Open"]
[Site "Chennai IND"]
[Date "2004.01.27"]
[Round "7"]
[White "Venkatesh,M"]
[Black "Rahman,Zia"]
[Result "1/2-1/2"]
[WhiteElo "2392"]
[BlackElo "2492"]

1.e4 g6 2.d4 Bg7 3.Nc3 c6 4.Bc4 d6 5.Nf3 Nf6 6.Bb3 O-O 7.O-O Bg4 8.h3 Bxf3
9.Qxf3 Nbd7 10.Bg5 Qa5 11.Bh4 b5 12.a3 Qb6 13.Rad1 a5 14.Rfe1 b4 15.Na4 Qb5
16.Qe2 e6 17.c4 Qb7  1/2-1/2

[Event "1st WinTV Open"]
[Site "Chennai IND"]
[Date "2004.01.28"]
[Round "9"]
[White "Muralidharan,M"]
[Black "Anilkumar,O"]
[Result "1-0"]
[WhiteElo "2341"]
[BlackElo "2282"]

1.e4 g6 2.d4 Bg7 3.Nc3 c6 4.Bc4 d6 5.Qf3 e6 6.Nge2 Ne7 7.Bg5 Nd7 8.h4 h6
9.Bf4 d5 10.Bd3 Qb6 11.exd5 Nxd5 12.Nxd5 cxd5 13.O-O-O Qc6 14.Kb1 b5 15.Rhe1 a5
16.Nc3 O-O 17.Bxb5 Qb6 18.a4 Ra7 19.Qe3 Nf6 20.f3 h5 21.Be5 Nh7 22.g4 Bxe5
23.Qxe5 Qd8 24.Rh1 Nf6 25.Rdg1 hxg4 26.fxg4 Nd7 27.Qe3 Ba6 28.g5 Bxb5 29.Nxb5 Ra6
30.h5 Kg7 31.hxg6 fxg6 32.Re1 Rc6 33.Nc3 Rf5 34.Qh3 Qg8 35.Ref1 Kf7 36.Qe3 Qg7
37.Rxf5+ gxf5 38.Rh6 Nf8 39.Nxd5 Ke8 40.Nf6+ Kd8  1-0

[Event "1st WinTV Open"]
[Site "Chennai IND"]
[Date "2004.01.29"]
[Round "10"]
[White "Srinivasan,R"]
[Black "Narayanan,K"]
[Result "1/2-1/2"]
[WhiteElo "2085"]
[BlackElo "2007"]

1.e4 g6 2.d4 Bg7 3.Nc3 c6 4.Bc4 d6 5.Qf3 e6 6.Nge2 Qe7 7.Be3 b5 8.Bb3 a5
9.a4 b4 10.Nb1 Ba6 11.Nd2 Nd7 12.O-O Ngf6 13.c4 O-O 14.Rfe1 e5 15.d5 c5 16.Bc2 Nb6
17.b3 Qd7 18.Bg5 Ne8 19.g4 h6 20.Be3 Bc8 21.h3 h5 22.gxh5 Qxh3 23.Qxh3 Bxh3
24.Kh2 Bg4 25.hxg6 fxg6 26.Kg3 Nf6 27.Bd1 Kf7 28.Nc1 Bd7 29.Nd3 Rh8 30.Bf3 Rh3+
31.Kg2 Rah8 32.Rh1 Nc8 33.Rxh3 Bxh3+ 34.Kg3 Bd7 35.Rh1 Rxh1 36.Bxh1 Nh5+
37.Kh2 Bf6 38.Bf3 Ng7 39.Kg3 Ne7 40.Bg4 Nh5+ 41.Kh3 Bxg4+ 42.Kxg4  1/2-1/2

[Event "9th HIT Open"]
[Site "Nova Gorica SLO"]
[Date "2004.01.30"]
[Round "1"]
[White "Kovacevic,A"]
[Black "Bogza,A"]
[Result "1-0"]
[WhiteElo "2541"]
[BlackElo "2309"]

1.e4 g6 2.d4 Bg7 3.Nc3 c6 4.Nf3 d6 5.Be2 Nf6 6.O-O O-O 7.Bf4 Nbd7 8.h3 Qc7
9.e5 dxe5 10.Nxe5 Nxe5 11.Bxe5 Qb6 12.Na4 Qd8 13.c4 Ne8 14.Bxg7 Nxg7 15.Bf3 Nf5
16.d5 cxd5 17.cxd5 Nd6 18.Re1 Re8 19.Rc1 b6 20.b3 Ba6 21.Nb2 Rc8 22.Qd4 Qd7
23.Bg4 Rxc1 24.Rxc1 Nf5 25.Bxf5 gxf5 26.Qe5 f6 27.Rc7 Qd8 28.Qe6+ Kf8 29.Rxa7 Bc8
30.Qc6 f4 31.Ra8 Qd7 32.Nc4 Qxc6 33.dxc6 Bf5 34.Nxb6 Rxa8 35.Nxa8 Ke8 36.b4 Kd8
37.b5 Bd3 38.b6 Kc8 39.b7+  1-0

[Event "TCh-BEL 2003-4"]
[Site "Belgium BEL"]
[Date "2004.02.01"]
[Round "8"]
[White "Claesen,P"]
[Black "Rogers,I"]
[Result "0-1"]
[WhiteElo "2380"]
[BlackElo "2582"]

1.d4 g6 2.e4 Bg7 3.Nc3 c6 4.Nf3 d5 5.h3 Nh6 6.Bd3 O-O 7.O-O f6 8.Ne2 Nf7
9.c4 dxe4 10.Bxe4 e5 11.dxe5 fxe5 12.b3 Qe7 13.a4 Rd8 14.Qe1 Na6 15.Ba3 Qf6
16.Ng3 Nc7 17.a5 a6 18.Qc3 Ne6 19.Rad1 Nd4 20.Rfe1 Be6 21.Nxd4 exd4 22.Qc2 Ng5
23.Bd3 Re8 24.Bc1 Rad8 25.f4 Nf7 26.Ne4 Qe7 27.Qa2 Bf5 28.Ba3 Qc7 29.Qd2 Bxe4
30.Bxe4 g5 31.fxg5 Qg3 32.Qd3 Qh4 33.Bxh7+ Kh8 34.Rxe8+ Rxe8 35.Bg6 Re3 36.Qf5 Nd8
37.Qg4 Qxg4 38.hxg4  0-1

[Event "9th HIT Open"]
[Site "Nova Gorica SLO"]
[Date "2004.02.01"]
[Round "4"]
[White "Grobelsek,A"]
[Black "Bogza,A"]
[Result "1/2-1/2"]
[WhiteElo "2122"]
[BlackElo "2309"]

1.e4 g6 2.d4 Bg7 3.Nc3 c6 4.Nf3 d6 5.a4 Nf6 6.h3 O-O 7.Be3 Nbd7 8.a5 e5 9.dxe5 dxe5
10.Qd6 Ne8 11.Qa3 Nc7 12.Bc4 b5 13.Bb3 Na6 14.Qd6 Qf6 15.Rd1 b4 16.Na4 Qxd6
17.Rxd6 Nf6 18.Nxe5 Nxe4 19.Nxf7 Nxd6 20.Nxd6+ Kh8 21.Nf7+ Kg8 22.Nh6+ Kh8
23.Nf7+  1/2-1/2

[Event "9th HIT Open"]
[Site "Nova Gorica SLO"]
[Date "2004.02.05"]
[Round "9"]
[White "Balogh,C"]
[Black "Nevednichy,V"]
[Result "1-0"]
[WhiteElo "2456"]
[BlackElo "2548"]

1.e4 g6 2.d4 Bg7 3.Nc3 c6 4.Nf3 d6 5.Be2 Nf6 6.O-O O-O 7.a4 Nbd7 8.Be3 Qc7
9.Qd2 e5 10.dxe5 dxe5 11.h3 b6 12.Rfd1 Bb7 13.Qd6 Rfc8 14.Bc4 Qxd6 15.Rxd6 Bf8
16.Rd3 h6 17.a5 Re8 18.Rad1 Bc8 19.g4 b5 20.Ba2 g5 21.Ne2 c5 22.c4 Rb8 23.R3d2 Rb7
24.Ng3 b4 25.Bb3 Re6 26.Rd3 Rc7 27.Nd2 Ra6 28.Ra1 Nb8 29.Rd8 Nc6 30.Rxf8+ Kxf8
31.Bxc5+ Kg8 32.Bd6 Rd7 33.c5 Nxa5 34.Bd5 Ne8 35.Nf5 Kh7 36.Bxe5 Re6 37.Rxa5 Rxe5
38.c6 Rc7 39.Nc4 Re6 40.Nd4 Ree7 41.Nb5 a6 42.Nxc7 Nxc7 43.Nb6 Be6 44.Ra4 h5
45.f3 b3 46.Ra3 Kg6 47.Rxb3 Kf6 48.Kf2 h4 49.Rd3 Re8 50.Bxe6 fxe6 51.Rd7 Rb8
52.Nc4 Ne8 53.e5+ Kg6 54.Nd6 Rxb2+ 55.Ke3 Rc2 56.Nxe8 Rxc6 57.f4 Rc3+ 58.Kd2  1-0

[Event "TCh-CZE Extraliga 2003-4"]
[Site "Czech Rep CZE"]
[Date "2004.02.07"]
[Round "6"]
[White "Manik,M"]
[Black "Stehno,P"]
[Result "1-0"]
[WhiteElo "2493"]
[BlackElo "2301"]

1.e4 g6 2.d4 Bg7 3.Nc3 c6 4.Nf3 d6 5.h3 Nf6 6.Bd3 Nbd7 7.a4 e5 8.Be3 O-O
9.O-O Qe7 10.a5 Re8 11.dxe5 dxe5 12.Na4 Nh5 13.Qd2 Nf8 14.Rad1 Nf4 15.Bxf4 exf4
16.Qxf4 Be6 17.b3 c5 18.e5 Bd5 19.Be4 Ne6 20.Qe3 Bxe4 21.Qxe4 Nd4 22.Nxd4 Bxe5
23.Ne6 Qxe6 24.Qxb7 Bd4 25.c3 Reb8 26.Qf3 Qxb3 27.cxd4 Qxa4 28.dxc5 Qxa5
29.Rd7 Qa2 30.c6 Rf8 31.c7 Qc4 32.Re1 Rac8 33.Qb7 a5 34.Qxc8 Rxc8 35.Rd8+ Kg7
36.Rxc8 Kf6 37.g3 Qc3 38.Rb1 a4 39.Ra8 Qxc7 40.Rxa4 g5 41.Ra6+ Kg7 42.Rb5 Qc1+
43.Kh2 f6 44.Rb7+ Kg6 45.Rbb6 Qf1 46.Rxf6+ Kg7 47.Rab6 h5 48.Rf5 Kh7 49.Rb7+ Kg6
50.Rbb5 Kh7 51.Rb2 Kg6 52.Ra5 Kf7 53.Rb7+ Ke6 54.Rb6+ Kd7 55.Ra7+ Kc8 56.Rf6  1-0

[Event "V Comunic Masters"]
[Site "Sao Paulo BRA"]
[Date "2004.02.12"]
[Round "1"]
[White "Vera,IJ"]
[Black "Giaccio,A"]
[Result "0-1"]
[WhiteElo "2338"]
[BlackElo "2470"]

1.d4 g6 2.e4 Bg7 3.Nc3 c6 4.Nf3 d5 5.e5 h5 6.Bf4 Nh6 7.Qd2 Bg4 8.Be2 Nf5
9.h3 Bxf3 10.Bxf3 Nh4 11.Qe3 e6 12.O-O-O Nxf3 13.Qxf3 Nd7 14.g4 Qa5 15.Kb1 c5
16.Nxd5 cxd4 17.Nf6+ Bxf6 18.exf6 e5 19.Qxb7 Rb8 20.Qc6 O-O 21.Bc1 Nc5 22.gxh5 Na4
23.Rd3 Nc3+ 24.Rxc3 Qxc3 25.Qxc3 dxc3 26.b3 Rb6 27.Be3 Rxf6 28.Bxa7 gxh5
29.a4 Ra8 30.Be3 Rg6 31.h4 Rg2 32.Bb6 f5 33.a5 Kf7 34.Rh3 Rc8 35.Rh1 Ke6
36.Rd1 Rg4 37.a6 Rb4 38.Ba5 Rxb3+ 39.cxb3 c2+ 40.Kc1 cxd1=Q+ 41.Kxd1 Ra8  0-1

[Event "8th Open"]
[Site "St Lo FRA"]
[Date "2004.02.14"]
[Round "1"]
[White "Choisy,M"]
[Black "Poley,V"]
[Result "0-1"]
[WhiteElo "2076"]
[BlackElo "2425"]

1.e4 g6 2.d4 Bg7 3.Nc3 c6 4.f4 d5 5.e5 Nh6 6.Nf3 f6 7.Be3 Bg4 8.Be2 O-O 9.Qd2 Nf5
10.O-O-O Bh6 11.g3 Nd7 12.exf6 exf6 13.Bf2 Nb6 14.Kb1 Nc4 15.Qd3 Nfd6 16.Rde1 Qb6
17.b3 Bf5  0-1

[Event "8th Open"]
[Site "St Lo FRA"]
[Date "2004.02.17"]
[Round "5"]
[White "Stets,D"]
[Black "Chatalbashev,B"]
[Result "0-1"]
[WhiteElo "2377"]
[BlackElo "2546"]

1.e4 g6 2.d4 Bg7 3.Nc3 c6 4.Nf3 d6 5.Be3 Nf6 6.h3 O-O 7.a4 Nbd7 8.Bc4 d5
9.exd5 Nb6 10.Bb3 Nbxd5 11.Nxd5 Nxd5 12.Bd2 c5 13.c3 cxd4 14.cxd4 b6 15.O-O Bb7
16.Re1 Rc8 17.Ne5 e6 18.Qg4 Nf6 19.Qh4 Bd5 20.Bd1 Nd7 21.Qg3 Qc7 22.h4 Nf6
23.Bf4 Qb7 24.Ra3 h5 25.Qh3 Be4 26.Qe3 Bxg2 27.Bg5 Bd5 28.Bxf6 Bxf6 29.Bxh5 gxh5
30.Qh6 Bg7 31.Rg3 f6 32.Nd3 Bf3 33.Qe3 Bg4 34.f3 Bf5 35.Nf4 Bh7  0-1

[Event "20th Open"]
[Site "Cappelle la Grande FRA"]
[Date "2004.03.01"]
[Round "3"]
[White "Dzhumaev,M"]
[Black "Bogza,A"]
[Result "1-0"]
[WhiteElo "2498"]
[BlackElo "2309"]

1.e4 g6 2.d4 Bg7 3.Nc3 c6 4.Nf3 d6 5.Bc4 Nf6 6.Bb3 O-O 7.O-O Bg4 8.h3 Bxf3
9.Qxf3 e5 10.dxe5 dxe5 11.Bg5 Nbd7 12.Rad1 Qe7 13.Rxd7 Qxd7 14.Bxf6 Qd6 15.Bxg7 Kxg7
16.Nd1 Rad8 17.Ne3 b5 18.a4 a6 19.axb5 axb5 20.Ra1 Qe7 21.Qg3 Kh8 22.Ra6 Rd6
23.Ra7 Qe8 24.Qg5 Qb8 25.Qxe5+ Kg8 26.Qe7 Qd8 27.Bxf7+ Kh8 28.Qxd8  1-0

[Event "70th ch-BLR"]
[Site "Minsk BLR"]
[Date "2004.03.06"]
[Round "3"]
[White "Lavretzkij,R"]
[Black "Gorovets,A"]
[Result "1/2-1/2"]
[WhiteElo "2390"]
[BlackElo "2393"]

1.d4 g6 2.e4 Bg7 3.Nc3 c6 4.h3 d6 5.a4 a5 6.g3 e5 7.dxe5 dxe5 8.Qxd8+ Kxd8
9.Bc4 f6 10.Be3 Nd7 11.O-O-O Kc7 12.Nge2 Nf8 13.Bc5 Bh6+ 14.Kb1 Be6 15.Bd6+ Kb6
16.Bxe6 Nxe6  1/2-1/2

[Event "70th ch-BLR"]
[Site "Minsk BLR"]
[Date "2004.03.09"]
[Round "6"]
[White "Kolesnik,E"]
[Black "Maljush,A"]
[Result "0-1"]
[WhiteElo "2406"]
[BlackElo "2344"]

1.e4 g6 2.d4 Bg7 3.Nc3 c6 4.Nf3 d6 5.Be2 b5 6.a3 a6 7.O-O Nf6 8.h3 O-O 9.Bf4 Bb7
10.e5 dxe5 11.Nxe5 Nbd7 12.Bf3 Nxe5 13.Bxe5 Qb6 14.Re1 Rad8 15.Qe2 Rd7 16.Qe3 Rfd8
17.h4 h5 18.Qg5 Qa7 19.Re3 c5 20.dxc5 Nh7 21.Qf4 Qxc5 22.Bxg7 Kxg7 23.Bxb7 Rxb7
24.Rae1 Nf6 25.Re5 Qc7 26.g3 Rd7 27.Qf3 Rb6 28.Qe2 e6 29.Qf3 Rc6 30.R1e2 Rc4
31.Qa8 Qb6 32.Kg2 Rc6 33.a4 Rd8 34.a5 Qc7  0-1

[Event "70th ch-BLR"]
[Site "Minsk BLR"]
[Date "2004.03.12"]
[Round "9"]
[White "Zhigalko,A"]
[Black "Maljush,A"]
[Result "1/2-1/2"]
[WhiteElo "2491"]
[BlackElo "2344"]

1.e4 g6 2.d4 Bg7 3.Nc3 c6 4.Bc4 d6 5.Qf3 e6 6.Nge2 Ne7 7.a4 Nd7 8.h4 h5 9.Bg5 d5
10.Bb3 c5 11.O-O-O cxd4 12.Nxd4 Qb6 13.Be3 Ne5 14.Qe2 Ng4 15.Nf5 Nxe3 16.Nxg7+ Kf8
17.Nxe6+ Bxe6 18.Qxe3 dxe4 19.Bxe6 Qxe6 20.Qxe4 Qxe4 21.Nxe4 Nf5 22.Nd6 Nxd6
23.Rxd6 Kg7 24.Rd7 Rhe8 25.Rxb7 Re2 26.Rh3 Rxf2 27.Rf3 Rxf3 28.gxf3 g5 29.Kd2 gxh4
30.Rb4 Kg6 31.Rxh4 Kg5 32.Rc4 h4 33.Rg4+ Kh5 34.Rg7 Kh6 35.Rg4 Kh5 36.Ke3 Re8+
37.Kf2 Rd8 38.Kg2 f5 39.Rf4 Kg5 40.Rc4 Rd2+ 41.Kh3 Rf2 42.Rxh4 Rxf3+ 43.Kg2 Rc3
44.bxc3 Kxh4 45.Kf3 Kg5 46.a5 a6 47.Kg3 Kf6 48.Kf4 Ke6 49.c4 Kd6 50.Kxf5 Kc5
51.Ke6 Kxc4 52.Kd6 Kb4 53.c3+ Kb5 54.c4+ Kxc4 55.Kc6 Kd4 56.Kb6 Kd5 57.Kxa6  1/2-1/2

[Event "TCh-CZE Extraliga 2003-4"]
[Site "Czech Rep CZE"]
[Date "2004.03.21"]
[Round "9"]
[White "Hagara,E"]
[Black "Karlik,V"]
[Result "1/2-1/2"]
[WhiteElo "2422"]
[BlackElo "2302"]

1.e4 g6 2.d4 Bg7 3.Nc3 c6 4.Be3 Qb6 5.Rb1 d6 6.Qd2 Nf6 7.h3 Qc7 8.a4 Nbd7
9.Nf3 O-O 10.Be2 a6 11.O-O b5 12.b4 Bb7 13.Rfe1 Rfd8 14.Bf1 e5 15.dxe5 dxe5
16.Qc1 bxa4 17.Qa3 Bf8 18.Qa2 Ne8 19.Ng5 Nd6 20.Red1 Nf6 21.Nxa4 Nfxe4 22.Bb6 Qe7
23.Bxd8 Rxd8 24.Nxe4 Nxe4 25.Qc4 Nd2 26.Rxd2 Rxd2 27.Bd3 Qf6 28.Rf1 Qg5 29.h4 Qh6
30.Nc3 Be7 31.Ne4 Rxd3 32.cxd3 Qxh4 33.Nc5 Qxc4 34.dxc4 Bc8 35.Ra1 Bxc5 36.bxc5 Kf8
37.Kh2 Ke7 38.Kg3 h5 39.Kh4 f6 40.Rb1 Kd7 41.Rd1+ Ke7 42.Ra1 Kd7 43.Rd1+ Ke7
44.f3 Be6 45.Rd6 Bd7 46.g4 hxg4 47.fxg4 g5+ 48.Kh5 a5 49.Kg6 Bxg4 50.Rxf6 Be6
51.Kxg5 a4 52.Rf3 Bxc4 53.Ra3 Ke6 54.Rxa4 Kd5 55.Ra5 Bb5 56.Kf5 Bd3+ 57.Kg4 Bb5
58.Kf3 Kxc5 59.Ke4 Kd6 60.Ra8 c5 61.Rd8+  1/2-1/2

[Event "FSIM April"]
[Site "Budapest HUN"]
[Date "2004.04.05"]
[Round "3"]
[White "Gikas,B"]
[Black "Wilke,W"]
[Result "1-0"]
[WhiteElo "2271"]
[BlackElo "2275"]

1.e4 g6 2.d4 Bg7 3.Nc3 c6 4.Bc4 d6 5.Qf3 e6 6.Nge2 b5 7.Bb3 a5 8.a3 Ba6 9.d5 cxd5
10.exd5 e5 11.Ne4 h6 12.g4 Nf6 13.N2g3 Nxe4 14.Nxe4 a4 15.Ba2 Bc8 16.c4 bxc4
17.Bxc4 Qe7 18.Bd2 O-O 19.Bb4 Rd8 20.Qe2 Na6 21.Bc3 Nc5 22.Nxc5 dxc5 23.Rd1 Qd6
24.h4 Ba6 25.h5 g5 26.Rh3 Bxc4 27.Qxc4 Re8 28.Qe4 Ra7 29.Re3 Ra6 30.Kf1 Qd7
31.Qc4 Rd6 32.f3 Rf6 33.Ke2 Rf4 34.Qxc5 e4 35.Qc6 exf3+ 36.Kf2 Qxc6 37.dxc6 Rc8
38.Bxg7 Kxg7 39.Rc3 Rf6 40.c7  1-0

[Event "50th Mexican Open Ch"]
[Site "Leon MEX"]
[Date "2004.04.07"]
[Round "2"]
[White "Carreto Nieto,G"]
[Black "Aldama,D"]
[Result "0-1"]
[WhiteElo "2174"]
[BlackElo "2447"]

1.e4 g6 2.d4 Bg7 3.Nc3 c6 4.f3 d5 5.Be3 Qb6 6.exd5 Qxb2 7.Nge2 Nf6 8.Rb1 Qa3
9.dxc6 bxc6 10.Qd2 O-O 11.Nc1 Nbd7 12.Bf4 e5 13.dxe5 Nh5 14.Be3 Nxe5 15.Nb3 Qe7
16.Ne4 f5 17.Qd6 Qe8 18.Ng5 Nf7 19.Nxf7 Qxe3+ 20.Kd1 Be6  0-1

[Event "Pobeskydi Arcimpex Cup"]
[Site "Frydek Mistek CZE"]
[Date "2004.04.11"]
[Round "7"]
[White "Wiley,To"]
[Black "Petran,Pe"]
[Result "0-1"]
[WhiteElo "2274"]
[BlackElo "2395"]

1.d4 g6 2.e4 Bg7 3.Nc3 c6 4.Bc4 b5 5.Bb3 a5 6.a3 d6 7.Qf3 e6 8.Nge2 d5 9.h4 h6
10.Bf4 Nf6 11.Qe3 Ba6 12.f3 b4 13.Na4 bxa3 14.Rxa3 dxe4 15.fxe4 Bxe2 16.Kxe2 O-O
17.c3 Nbd7 18.Bd6 Re8 19.e5 Ng4 20.Qe4 h5 21.Qxc6 Rc8 22.Qe4 Nh6 23.Rf1 Nf5
24.Rxf5 gxf5 25.Qf4 Bf8 26.Bxf8 Nxf8 27.g3 Kg7 28.Qf3 Ng6 29.Bc2 f6 30.exf6+ Qxf6
31.Nb6 Rcd8 32.Rxa5 e5 33.Ra7+ Kh6 34.Nd5 exd4+ 35.Kf2 Qe5 36.Bd1 f4 37.Nxf4 Nxf4
38.gxf4 Qe1+ 39.Kg2 Qd2+  0-1

[Event "ACP Blitz Prelim1"]
[Site "playchess.com INT"]
[Date "2004.04.12"]
[Round "9"]
[White "Pelletier,Y"]
[Black "Iordachescu,V"]
[Result "0-1"]
[WhiteElo "2581"]
[BlackElo "2627"]

1.e4 g6 2.d4 Bg7 3.Nc3 c6 4.f4 d5 5.e5 Nh6 6.Nf3 f6 7.Be3 Bg4 8.h3 Bxf3 9.Qxf3 Nf5
10.Bf2 fxe5 11.dxe5 e6 12.g4 Nh4 13.Qg3 g5 14.Bd3 Nd7 15.O-O-O O-O 16.Ne2 b5
17.Kb1 Qe7 18.c3 b4 19.c4 Rf7 20.Rc1 Raf8 21.cxd5 cxd5 22.Bb5 Bxe5 23.Qb3 gxf4
24.Bxd7 f3 25.Ng1 Qxd7 26.Bxh4 f2 27.Bxf2 Rxf2 28.Rc2 Rf1+ 29.Rc1 R1f2 30.Rc2 Rxc2
31.Kxc2 Rf2+ 32.Kd3 Qb5+ 33.Ke3 Qc5+ 34.Kd3 Rxb2  0-1

[Event "2nd Nabokov Mem"]
[Site "Kiev UKR"]
[Date "2004.04.16"]
[Round "6"]
[White "Solomaha,A"]
[Black "Moliboga,V"]
[Result "1/2-1/2"]
[WhiteElo "2384"]
[BlackElo "2329"]

1.e4 g6 2.d4 Bg7 3.Nc3 c6 4.Bc4 d6 5.Qf3 e6 6.Nge2 b5 7.Bb3 a6 8.a4 Bb7 9.O-O Nd7
10.Bf4 Qe7 11.axb5 cxb5 12.Qg3 Ngf6 13.Bxd6 Nh5 14.Bxe7 Nxg3 15.hxg3 Kxe7
16.f3 Rhd8 17.Nd1 Nb6 18.c3 a5 19.g4 a4 20.Bc2 b4 21.Bd3 a3 22.bxa3 bxc3
23.Ndxc3 Rxd4 24.Bb5 Ba6 25.a4 Bxb5 26.axb5 Rc8 27.Ra6 Rdc4 28.Rxb6 Rxc3
29.Nxc3 Bd4+ 30.Kh1 Bxb6 31.Na4 Bd4 32.Rb1 Rc4 33.b6 Rxa4 34.b7 Be5 35.b8=Q Bxb8
36.Rxb8 Kf6 37.Rb5 g5 38.Kh2 Kg6 39.Rb8 Kg7 40.Kg3  1/2-1/2

[Event "6th Open"]
[Site "Dubai UAE"]
[Date "2004.04.23"]
[Round "5"]
[White "Mamedov,N"]
[Black "Iordachescu,V"]
[Result "0-1"]
[WhiteElo "2463"]
[BlackElo "2627"]

1.e4 g6 2.d4 Bg7 3.Nc3 c6 4.Nf3 d6 5.h3 Nf6 6.Be2 O-O 7.O-O Qc7 8.a4 Nbd7
9.a5 e5 10.Re1 Re8 11.dxe5 dxe5 12.Be3 Nf8 13.Bc4 h6 14.Qc1 Kh7 15.Qb1 Be6
16.Qa2 b5 17.axb6 axb6 18.Qb3 b5 19.Bxe6 Nxe6 20.Rxa8 Rxa8 21.Nd2 Qa5 22.Rf1 Kg8
23.Ncb1 Nd4 24.Bxd4 exd4 25.e5 Nd5 26.Nf3 Qa4 27.Qd3 Nf4 28.Qe4 d3 29.Qxc6 dxc2
30.Nc3 Qa1  0-1

[Event "1st Open"]
[Site "Kranj SLO"]
[Date "2004.05.10"]
[Round "5"]
[White "Hrenic,M"]
[Black "Srebrnic,V"]
[Result "0-1"]
[WhiteElo "1810"]
[BlackElo "2247"]

1.e4 g6 2.d4 Bg7 3.Nc3 c6 4.Bc4 d5 5.exd5 b5 6.Bb3 b4 7.Nce2 cxd5 8.a3 bxa3
9.Rxa3 Nf6 10.Nf3 O-O 11.O-O Nbd7 12.Ne5 Bb7 13.Nf4 Nb6 14.Re1 Nfd7 15.Nfd3 Nxe5
16.Nxe5 Nd7 17.f4 Nxe5 18.fxe5 Qd7 19.Bd2 Bc6 20.Bb4 Bb5 21.c3 a6 22.Qf3 Bc6
23.Qe3 Qb7 24.Rea1 Rfe8 25.e6 f5 26.Ba4 Rec8 27.Bd1 Rf8 28.Be2 f4 29.Qd2 Bb5
30.Bxb5 Qxb5 31.Ra5 Qb7 32.Qd3 Rfb8 33.Kh1 Qc8 34.h3 Qxe6 35.Rxa6 Rxa6 36.Qxa6 Qf5
37.Qa7 Re8 38.Rf1 Bf6 39.Qc7 g5 40.Qc6 Kf7 41.c4 Rc8 42.Qxd5+ Qxd5 43.cxd5 Rd8
44.d6 exd6 45.Rd1 Ke6 46.Kg1 Kd5 47.Kf1 Re8 48.Kf2 Re3 49.Bc3 h5 50.Ra1 Bxd4
51.Rd1 Rxc3+  0-1

[Event "7th United Insurance"]
[Site "Dhaka BAN"]
[Date "2004.05.12"]
[Round "7"]
[White "Ahmed,SN"]
[Black "Rahman,Zia"]
[Result "0-1"]
[WhiteElo "2297"]
[BlackElo "2493"]

1.e4 g6 2.d4 Bg7 3.Nc3 c6 4.Nf3 d6 5.Be2 Nd7 6.O-O Qc7 7.a4 Ngf6 8.h3 O-O
9.Be3 b6 10.Qd2 Bb7 11.Rfe1 Rad8 12.Bf1 e5 13.Rad1 a6 14.a5 b5 15.dxe5 dxe5
16.b4 Rfe8 17.Qc1 c5 18.bxc5 Qxa5 19.Nd5 Nxe4 20.Rd3 b4 21.Nxb4 Nexc5 22.Qa3 Qc7
23.Rdd1 Bf8 24.Qa2 Ne4 25.Qb2 Qc3 26.Rb1 a5 27.Nd3 Bd5 28.Nd2 Qxb2 29.Nxb2 Bb4
30.Rbd1 Nc3 31.Ra1 Ra8 32.Nd3 Bf8 33.Nb1 Ne4 34.Rc1 a4 35.c4 Bc6 36.Ra2 Reb8
37.Nc3 Nxc3 38.Rxc3 e4 39.Nf4 Rb1 40.Rc1 Rxc1 41.Bxc1 Rb8 42.Ba3 Rb1 43.Nd5 Bxa3
44.Rxa3 Kf8 45.Nc3 Rb3 46.Rxb3 axb3 47.Be2 Ke7 48.Bd1 b2 49.Bc2 Kd6 50.Kf1 f5
51.Ke2 Nb6 52.Kd1 Nxc4 53.Bb3 Na3 54.Ba2 e3 55.fxe3 Bxg2 56.Nb1 Nxb1 57.Bxb1 Ke5  0-1

[Event "7th United Insurance"]
[Site "Dhaka BAN"]
[Date "2004.05.13"]
[Round "9"]
[White "Abu Sufian,S"]
[Black "Rahman,Zia"]
[Result "0-1"]
[WhiteElo "2325"]
[BlackElo "2493"]

1.e4 g6 2.d4 Bg7 3.Nc3 c6 4.Be3 d5 5.e5 f6 6.f4 Qb6 7.Qd2 Nh6 8.Na4 Qc7 9.Nf3 Bg4
10.Be2 Nd7 11.h3 Bxf3 12.Bxf3 Nf5 13.Bf2 fxe5 14.dxe5 Bh6 15.Qb4 a5 16.Qc3 Bxf4
17.e6 Nf6 18.O-O O-O 19.g4 d4 20.Qb3 Ne3 21.Rfe1 Nfd5 22.Bxd5 Bh2+ 23.Kh1 Rxf2  0-1

[Event "7th United Insurance"]
[Site "Dhaka BAN"]
[Date "2004.05.15"]
[Round "11"]
[White "Singh,G"]
[Black "Rahman,Zia"]
[Result "1/2-1/2"]
[WhiteElo "2352"]
[BlackElo "2493"]

1.e4 g6 2.d4 Bg7 3.Nc3 c6 4.Be3 d5 5.Qd2 dxe4 6.Nxe4 Nd7 7.O-O-O Ngf6 8.Ng3 Nb6
9.Bh6 Bxh6 10.Qxh6 Qd5 11.Kb1 Be6 12.b3 Qa5 13.Qd2 Qa3 14.N1e2 a5 15.Nf4 Bf5
16.Nxf5 Ne4 17.Nd6+ Nxd6 18.Qc1 Qxc1+ 19.Rxc1 e6 20.Bd3 Nd5 21.Nxd5 cxd5
22.a4 Ke7 23.Rhe1 Rhb8 24.Kb2 b5 25.axb5 Nxb5 26.Bxb5 Rxb5 27.Ra1 a4 28.Ra3 Rb4
29.Kc3 Rbb8 30.Rxa4 Rc8+ 31.Kd3 Rxa4 32.bxa4 Ra8 33.Ra1 Kd6 34.a5 Kc6 35.c4 dxc4+
36.Kxc4 Kb7 37.a6+ Ka7 38.Ra5 h5 39.h4 Rb8 40.Rb5 Rf8 41.Ra5 Rb8 42.d5 Rb2
43.dxe6 fxe6 44.Rg5 Rxf2 45.g3 Rf6 46.Kd4 e5+ 47.Kxe5 Rxa6 48.g4 hxg4 49.Rxg4 Kb7
50.Rc4 Rb6 51.Kf4 Rb5 52.Kg4 Rh5  1/2-1/2

[Event "2nd Leonine GM"]
[Site "Dhaka BAN"]
[Date "2004.05.19"]
[Round "2"]
[White "Hossain,Enam"]
[Black "Abdul,Mal"]
[Result "1-0"]
[WhiteElo "2436"]
[BlackElo "2243"]

1.e4 g6 2.d4 Bg7 3.Nc3 c6 4.Nf3 d6 5.Be3 Nd7 6.Qd2 Qc7 7.Bd3 e5 8.dxe5 dxe5
9.O-O Ngf6 10.h3 O-O 11.Rfd1 Nh5 12.a4 Kh8 13.a5 f5 14.exf5 gxf5 15.Ng5 f4
16.Qe2 fxe3 17.Qxh5 exf2+ 18.Kh1 Nf6 19.Qh4 h6 20.Rf1 e4 21.Ngxe4 Nxe4 22.Nxe4 Qf4
23.Qxf2 Qxf2 24.Nxf2 Bxb2 25.Rab1 Bd4 26.Ne4 Rxf1+ 27.Rxf1 Be6 28.c3 Be5
29.Nc5 Bg8 30.Nxb7 Re8 31.Re1 Re7 32.Nd8 Rd7 33.Rxe5 Rxd8 34.Be2 Bd5 35.Re7 Rg8
36.Bf1 Rf8 37.Kg1 Rf7 38.Rxf7 Bxf7 39.Kf2 Kg7 40.Ke3 Kf6 41.Kf4 Bd5 42.g4 Bb3
43.Bg2 c5 44.h4 Bd1 45.Bf3 Bb3 46.Be4 Bg8 47.Bf5 Bb3 48.g5+ Kg7 49.Ke5 Ba2
50.Kd6 c4 51.Kc6  1-0

[Event "2nd Leonine GM"]
[Site "Dhaka BAN"]
[Date "2004.05.20"]
[Round "3"]
[White "Abdul,Mal"]
[Black "Rahman,Zia"]
[Result "1/2-1/2"]
[WhiteElo "2243"]
[BlackElo "2493"]

1.e4 g6 2.d4 Bg7 3.Nc3 c6 4.Be3 d5 5.e5 f6 6.f4 Qb6 7.Na4 Qa5+ 8.c3 Nh6 9.Nf3 Bg4
10.b4 Qc7 11.Bd3 Nd7 12.O-O Nf5 13.Bd2 Nh4 14.Be2 Nxf3+ 15.Bxf3 Bf5 16.Bg4 Bxg4
17.Qxg4 f5 18.Qe2 b6 19.Rfc1 Nf8 20.Be3 Ne6 21.c4 Qd7 22.cxd5 cxd5 23.Qc2 Bh6
24.g3 Kf7 25.Qc6 Qd8 26.h4 Rc8 27.Qb7 Rb8 28.Qc6 Bg7 29.Kf2 Rc8 30.Qb7 Rc7
31.Rxc7 Qxc7 32.Qxc7 Nxc7 33.Rc1 Rc8 34.Nc3 Rd8 35.Ne4 fxe4 36.Rxc7 Ra8 37.a4 h5
38.g4 hxg4  1/2-1/2

[Event "Victor Syre Open"]
[Site "Issy les Moulineaux FRA"]
[Date "2004.05.20"]
[Round "2"]
[White "Chanoine,G"]
[Black "Okhotnik,V"]
[Result "0-1"]
[WhiteElo "2211"]
[BlackElo "2453"]

1.e4 g6 2.d4 Bg7 3.Nc3 c6 4.Nf3 d5 5.h3 Nf6 6.e5 Ne4 7.Nxe4 dxe4 8.Ng5 c5
9.Bb5+ Nc6 10.Bxc6+ bxc6 11.dxc5 Qa5+ 12.Bd2 Qxc5 13.O-O Qxe5 14.Re1 Qxb2
15.Rb1 Qxa2 16.Rxe4 O-O 17.Rxe7 a5 18.Rb6 Qd5 19.Qe1 a4 20.Ne4 Qd8 21.Bg5 Qxb6
22.Nf6+  0-1